| 000 | 01140nam a22002417a 4500 | ||
|---|---|---|---|
| 001 | 9011 | ||
| 003 | FISKH | ||
| 005 | 20251114092736.0 | ||
| 008 | 251114b cb ||||| |||| 00| 0 eng d | ||
| 020 | _a9780807746318 | ||
| 040 |
_aFISKH _beng _cFISKH _dFISKH |
||
| 050 | _aRA777.25 .S74 | ||
| 082 | _a613 | ||
| 100 | _aSteiner-Adair, Catherine | ||
| 245 |
_aFull of ourselves : _bA wellness program to advan girl power, health, and leadership / _cBy Catherine Steiner-Adair and Lisa Sjostorm |
||
| 260 |
_aNew York : _bTeachers College Press , _c2006. |
||
| 300 |
_a139 pages : _billustrations ; _c28 cm . |
||
| 520 | _aEducational program that aims to sustain girls in their mental, physical, and social health and to decrease their vulnerability to the development of body preoccupation and eating disorders. A primary prevention program for a general (healthy) population of girls. It has been used by schools, after-school programs, town libraries, summer camps, churches, and synagogues--Introd. | ||
| 650 |
_aYouth development _vNon-fiction |
||
| 650 |
_aWomen's health _vNon-fiction |
||
| 942 |
_2ddc _cBK _n0 |
||
| 999 |
_c9011 _d9011 |
||